Quizzes
Events
Quiz Creation
Community
Videos
Private Events
Remove Ads
Sign In
Join for FREE
Feedback
Dark Mode
Quiz Categories
Sports
Geography
Music
Movies
Television
Just For Fun
Miscellaneous
History
Literature
Language
Science
Gaming
Entertainment
Religion
Holiday
For Kids
Quiz Lab
Recent
Popular Today
Quiz Kudos Today
Editor Picks
Curator Picks
Quizzes by...
Day
Popularity
Type
Ratings
Length
Year
Community
Subscriptions
Recent Discussions
Orange Saloon
Badges
Playlists
Quests
Create
Leaderboards
Showdown
Live 5
Trivia Bingo
Activity
Puzzle Library
Sporcle Events
Private Events
Virtual Trivia
Globe League
Become a Host
Pub Owners
SporcleCon
Opinionation
Our Games
Videos
Blog
Mobile Apps
Partnerships
Remove Ads and Go Orange
Feedback
Music
Pop Music
The Beatles
Song
Album
Lyrics
Bands
Singers
Artist
Clip
Rock
Rap
Classical
Billboard
Country Music
Kpop
Taylor Swift
Music
Pop Music
The Beatles
Song
Album
Lyrics
Bands
Singers
Artist
Clip
Rock
Rap
Classical
Billboard
Country Music
Kpop
Taylor Swift
Random Quiz
Search Sporcle
×
Quiz Lab
Quiz Lab
Music
Lyrics
Type in answers that appear in a list
Type in answers that appear in a list
Classic
Best Score? Go Orange.
Alice in Chains - 'Would?' lyrics Stats
Can you name the lyrics to 'Would?' by Alice in Chains?
By
djbj
5m
96 Questions
2,222 Plays
2,222 Plays
2,222 Plays
Comments
Comments
Give Quiz Kudos
Give Quiz Kudos
-
- Ratings
hide this ad
More Info
Replay
Link that replays current quiz
Next Quiz
Link to next quiz in quiz playlist
You Got
0%
They Got
Avg Score
82%
Avg Friend Score
Upgrade to see
Score Distribution
Jump to the score distribution portion of the page
Score
0/96
Timer
05:00
0
Plays Today
% Correct
the
98.3%
a
98.3%
the
98.3%
the
98.3%
a
98.3%
And
98.3%
I
98.1%
I
98.1%
I
98.1%
I
98.1%
I
98.1%
I
98.1%
my
95.6%
my
95.6%
my
95.6%
WOULD
92.2%
again
91.9%
again
91.9%
it
91.6%
it
91.6%
it
91.6%
it
91.6%
So
91.4%
So
91.4%
you
91.2%
YOU?
91.2%
to
91.1%
to
91.1%
to
91.1%
mistake,
91%
mistake,
91%
big
90.9%
% Correct
big
90.9%
made
90.8%
made
90.8%
same
89.9%
same
89.9%
flood
89.7%
flood
89.7%
old
89.2%
old
89.2%
master.
89.1%
way.
88.8%
way.
88.8%
Into
88.2%
Into
88.1%
was
88%
was
88%
see
87.1%
see
87.1%
COULD
86.9%
by
86.4%
then.
86.3%
then.
86.3%
back
85.9%
back
85.9%
IF
85.7%
me
84.5%
on
84.4%
trip
82.7%
trip
82.7%
try
82.4%
try
82.4%
broken
81.3%
% Correct
here
81.3%
once
81.3%
once
81.3%
love
74%
Am
73%
far
72.5%
child
72%
Teach
72%
Have
71.5%
Have
71.5%
too
70.8%
get
70.7%
wrong?
70.7%
gone?
70.6%
Know
69.6%
home.
69.1%
alone.
66.9%
left
65.3%
not
64.9%
hereafter.
63.8%
notion.
60.8%
run
59.4%
quite
58.1%
Drifting
57.3%
body
56.7%
thee
56.4%
yet
56.2%
of
55.1%
Flying
50.8%
sole
46.3%
desertion.
42.6%
its
41%
Quiz Playlist
Details
Report
Send in Message
Add To Playlist
More Info:
Source: The album's lyrics booklet.
Classic:
Type in answers that appear in a list
Last Updated: Jul 27, 2017
Quiz Scoreboard
CHALLENGE
Sign Up to Join the Scoreboard
Show All
Scores
Hide
Comments
May contain spoilers
Recently Published
One Thing in Common: World Cities II
by knightlancer
Geography
7m
Popular People in 1961
by mucciniale
History
6m
1-10 Letter E Words III
by El_Dandy
Language
2m
More to Explore
Quiz From the Vault
Featured Blog Post
Where Did the Easter Bunny Come From?
hide this ad
You Might Also Like...
Tags
Lyrics Quiz
Alice in Chains
grunge
Rock Lyrics
Today's Top Quizzes in Music
Browse Music
hide this ad
Today's Top Quizzes in Lyrics
Browse Lyrics
Top Contributed Quizzes in Music
1
Taylor Swift All Songs (2024)
2
2010s Album by Cover III
3
Taylor Swift Logic Puzzle
4
One Thing in Common: Music
5
Guess the Artist- 70s Songs
6
Guess the Taylor Swift song (Mystery Song)
7
2010s Album by Cover V
8
2010s Album by Cover IV
9
Lana Del Rey Discography (BTD to DYKTTATUOB)
10
KPOP LOGIC QUIZ
Explore More
Trending Topics
Harry Potter
Crossword
Marvel
NBA
Anime
Kpop
Disney
WWE
The Office
NFL
Song
Soccer
Puzzle
Country
Pokémon
hide this ad
More By:
djbj
Quiz
Plays
Rating
Category
Featured
Created
November Rain lyrics
4,714
4.47
Music
Aug 15, 2012
Alice in Chains - 'Would?' lyrics
2,222
5.00
Music
Aug 31, 2012
Alice in Chains - 'Rooster' lyrics
1,796
5.00
Music
Oct 16, 2012
Guns N' Roses - Estranged lyrics
1,236
4.83
Music
Aug 17, 2012
Pantera - 'Cemetery Gates' lyrics
628
4.00
Music
Oct 17, 2012
Go to Creator's Profile
Score Distribution
Quiz Creator Spotlight
djbj
Follow
Send a Message
Quizzes Created
-
Created Quiz Play Count
-
More By This Creator
Popular Quizzes Today
1
Find the US States - No Outlines Minefield
2
The Countries of the World
3
Popular People in 1961
4
Find the Countries of Europe - No Outlines Minefield
5
1-10 Letter E Words III
6
Find the US States
7
One Thing in Common: World Cities II
8
US States
More Music Quizzes
Guess 300 kpop songs 2021
Quiz Lab
Trending Quizzes
1-10 Letter F Words
1-10 Letter G Words
Risky Map Clicking: Next State Alphabetically
1-10 Letter F Words II
Risky Map Clicking: States by Unique Starting Letters
Recently Updated
Leaping Animals
pecheneg
Reality TV Shows (A-Z)
bhenderson79
Rickey Henderson's Hall of Fame Teammates
pecheneg
Champions League XIs: Arsenal
pecheneg
Quick Pick: Celebrities in WWE's Hall of Fame
aduchscher
A-Z Keypad Blitz II
pecheneg
Multiple Oscar Actors
pecheneg
Mystery Phrase Blitz: Oscar 'Best Actors'
pecheneg
F. Scott Fitzgerald Novels
LTH
Pick 3 Villains
ddd62291
Trending Topics
Kpop
Anime
Harry Potter
Disney
Marvel
NBA
Crossword
Country
WWE
The Office
NFL
Puzzle
Song
Soccer
Pokémon
Your Account Isn't Verified!
In order to create a playlist on Sporcle, you need to verify the email address you used during registration. Go to your
Sporcle Settings
to finish the process.
Report this User
Report this user for behavior that violates our
Community Guidelines
.
Details:
Send Report
Go to the Sporcle.com Mobile Site →
Comments